| 000 | 00511nam a2200205Ia 4500 | ||
|---|---|---|---|
| 003 | 0100 | ||
| 008 | 130303s9999 xx 000 0 und d | ||
| 040 | _cARRUPELIB | ||
| 050 | _aB21.P39 2000 | ||
| 100 | _aBaird, Forrest E. ; Kaufmann, Walter eds. | ||
| 245 | _aTwentieth - Century Philosophy | ||
| 260 | _aNew Jersey | ||
| 260 | _bPrentice Hall | ||
| 260 | _C2000 | ||
| 300 | _axxi | ||
| 300 | _b 438p. 27cm. | ||
| 440 | _aPhilosophic Classics No.5 | ||
| 650 | _bUnited Nations | ||
| 942 |
_2lcc _07 |
||
| 999 |
_c67223 _d67223 |
||